Southville International School and Colleges
Your cart is empty.
  • Cart
  • Lists
    Public lists Eva Luna New books Lux_list list_1
    Your lists Log in to create your own lists
  • Log in to your account
  • Your cookies
  • Search history
Southville International School and Colleges
  • Advanced search
  • Recent comments
  • Most popular
  • Libraries

Log in to your account

Log in with GOOGLE


If you do not have an external account, but do have a local account, you can still log in:

  1. Home
  2. MARC view: Before you put that on :
Normal view MARC view ISBD view

Before you put that on : (Record no. 358038)

[ view plain ]
MARC details
000 -LEADER
fixed length control field 00691nam a2200253Ia 4500
008 - FIXED-LENGTH DATA ELEMENTS--GENERAL INFORMATION
fixed length control field 180620s9999 xx 000 0 und d
020 ## - INTERNATIONAL STANDARD BOOK NUMBER
International Standard Book Number 978-0-7432-81-69-0
050 ## - LIBRARY OF CONGRESS CALL NUMBER
Classification number REF TT 507
050 ## - LIBRARY OF CONGRESS CALL NUMBER
Item number .B67 2005
100 ## - MAIN ENTRY--PERSONAL NAME
Personal name Boston, Lloyd.
245 #0 - TITLE STATEMENT
Title Before you put that on :
245 #0 - TITLE STATEMENT
Remainder of title 365 daily style tips for her /
245 #0 - TITLE STATEMENT
Statement of responsibility, etc written and illustrated by Lloyd Boston.
260 ## - PUBLICATION, DISTRIBUTION, ETC. (IMPRINT)
Place of publication, distribution, etc New York :
260 ## - PUBLICATION, DISTRIBUTION, ETC. (IMPRINT)
Name of publisher, distributor, etc Atria Books,
260 ## - PUBLICATION, DISTRIBUTION, ETC. (IMPRINT)
Date of publication, distribution, etc 2005
300 ## - PHYSICAL DESCRIPTION
Extent 368 pages :
300 ## - PHYSICAL DESCRIPTION
Other physical details colored illustrations ;
300 ## - PHYSICAL DESCRIPTION
Dimensions 26 cm.
500 ## - GENERAL NOTE
General note Includes bibliographical references.
650 ## - SUBJECT ADDED ENTRY--TOPICAL TERM
Topical term or geographic name as entry element Clothing and dress.
650 ## - SUBJECT ADDED ENTRY--TOPICAL TERM
Topical term or geographic name as entry element Fashion.
650 ## - SUBJECT ADDED ENTRY--TOPICAL TERM
General subdivision Women's clothing.
Holdings
Withdrawn status Lost status Damaged status Home library Current library Shelving location Date acquired Total Checkouts Full call number Barcode Date last seen Price effective from Koha item type
      South Mansfield College South Mansfield College Reference Section 05/31/2008   REF TT 507 .B67 2005 SMC05188 06/20/2018 06/20/2018  

Before you put that on :

APA

Boston L., .Before you put that on. New York: .

Chicago

Boston Lloyd, .Before you put that on. New York: .

Harvard

Boston L., .Before you put that on. New York: .

MLA

Boston Lloyd, .New York: . .

  • Place hold
  • Print
  • Cite
  • Add to your cart (remove)
  • Save record
    BIBTEX Dublin Core MARCXML MARC (non-Unicode/MARC-8) MARC (Unicode/UTF-8) MARC (Unicode/UTF-8, Standard) MODS (XML) RIS
  • More searches
    Search for this title in:
    Other Libraries (WorldCat) Other Databases (Google Scholar) Online Stores (Bookfinder.com) Open Library (openlibrary.org)

Exporting to Dublin Core...

SOUTHVILLE LIBRARY

Southville International School and Colleges Library

1281 Tropical Ave. Cor. Luxembourg St., BF Homes International, Las Pinas City

Tel. No. 8256374 / 252358 Loc. 117/146

Powered by Koha